000
00325nam a2200121Ia 4500
008
191201s2005 xx 000 0 und d
100
_a
SAHU,Nirmal Chandra
245
0
_a
Dimensions of Environmental and Ecological Economics
260
_a
Hyderabad
_b
University Press
_c
2005
300
_a
604
650
_a
MBA
942
_2
ddc
_c
BK
999
_c
4680
_d
4680